| 000 | 01004 a2200181 4500 | ||
|---|---|---|---|
| 020 | _a978-0-470-09699-4 (cloth) | ||
| 020 | _a0-470-09699-3 (cloth) | ||
| 035 | _a(OCoLC)122424963 | ||
| 040 |
_aDLC _bDLC |
||
| 082 | 0 | 0 | _a004.1 |
| 100 | 1 | _aMcMahon, David | |
| 245 | 1 | 0 |
_aQuantum computing explained _cDavid McMahon |
| 260 |
_aHoboken, N.J. : _bWiley-Interscience : _bIEEE Computer Society, _ccop. 2008 |
||
| 300 |
_axviii, 332 p. : _bill. ; _c25 cm. |
||
| 505 | 0 | _aA brief introduction to information theory -- Qubits and quantum states -- Matrices and operators -- Tensor products -- The density operator -- Quantum measurement theory -- Entanglement -- Quantum gates and circuits -- Quantum algorithms -- Applications of entanglement: teleportation and superdense coding -- Quantum cryptography -- Quantum noise and error correction -- Tools of quantum information theory -- Adiabatic quantum computation -- Cluster state quantum computing. | |
| 650 | 0 | _aQuantum computers. | |
| 942 |
_cBK _k004.1 MCM _2ddc |
||
| 999 |
_c5351 _d5351 |
||